000 00344nam a2200157Ia 4500
008 210210b1952 xxu||||| |||| 00| 0 eng d
041 _aeng
082 _a822/155
100 _aBOWER (U G)
245 _aNaga path
260 _aLondon
_bJohn Murray
_c1952
650 _apath
650 _aNaga
690 _aEnglish Prose
906 _a012342
999 _c131137
_d131137